[Event "Balaguer op"]
[Site "Balaguer"]
[Date "1997.??.??"]
[Round "?"]
[White "Hernandez Guerrero, Gilberto Eduardo"]
[Black "Ivanov, Sergey"]
[Result "1/2-1/2"]
[WhiteElo "2525"]
[BlackElo "2530"]
[Annotator "Ivanov,Se"]
[PlyCount "115"]
[EventDate "1997.07.??"]
[EventType "swiss"]
[EventRounds "9"]
[EventCountry "ESP"]
[SourceTitle "CBM 063"]
[Source "ChessBase"]
[SourceDate "1998.03.26"]
[SourceVersion "1"]
[SourceVersionDate "1998.03.26"]
[SourceQuality "1"]

1. e4 e6 2. d4 d5 3. Nc3 Bb4 4. e5 c5 5. a3 Bxc3+ 6. bxc3 Ne7 7. a4 b6 {
with the idea Ba6} (7... Qa5) (7... Nbc6) 8. Bb5+ (8. a5 Ba6 (8... bxa5 $5) 9.
Bxa6 Nxa6 10. Qe2 $5) (8. Nf3) 8... Bd7 9. Bd3 (9. Nf3 Bxb5 10. axb5 Qd7 11.
Rb1 a6 $5 (11... c4) 12. dxc5 $6 (12. bxa6 Qc6 13. Qe2 (13. dxc5 Qxc5) 13...
Nxa6) (12. Qe2 $5 O-O 13. bxa6 Qc6 14. Bg5 {Bareev}) 12... bxc5 13. Ba3 (13. b6
Qc6) 13... axb5 14. Bxc5 O-O $11 {Varavin-Bareev,Elista,1996}) 9... Nbc6 10.
Nf3 (10. Qg4 O-O 11. Qh5 (11. Nf3 f5) 11... Nf5 12. Nf3 (12. Ba3 Qh4) 12... f6
13. g4 c4 14. gxf5 (14. Be2 Nfe7 {with the idea Be8-g6}) 14... cxd3 15. Rg1 (
15. Ba3 Rf7 $13) 15... Ne7 $13 (15... Qe8 $13)) 10... h6 11. O-O (11. Ba3 Qc7
12. O-O (12. dxc5 Nxe5) 12... Na5) 11... Qc7 (11... O-O 12. Ba3 $1 c4 (12...
Qc7 13. dxc5 Nxe5 14. Nxe5 (14. cxb6 Nxf3+ 15. Qxf3 Qd8 $13) 14... Qxe5 15. c6
Nxc6 16. Bxf8 Rxf8 $14) 13. Be2 $14 {diagonal a3-f8}) 12. Re1 O-O 13. Bf4 (13.
Ba3 Na5 14. Nd2 Bxa4 15. dxc5 bxc5 16. Qg4 Be8 $5 (16... Bd7 17. Nf3 Rab8 $1 (
17... Nb7) (17... Nc4) 18. Bc1 Kh8 $1 (18... f5 $2 19. exf6 Rxf6 20. Ne5 Nac6
21. Bf4 $16) 19. Qh4 Ng8 20. Ng5 Bb5 21. Bh7 Nc4 $17 {M.Chandler-Hertneck,
Germany,1993}) 17. Nf3 Nac6 $1 {with the idea} 18. Bxc5 (18. Bc1 f5 $1 19. exf6
Rxf6 20. Rxe6 $2 Bd7 $17) 18... Nxe5 19. Nxe5 Qxc5) 13... Ng6 (13... f5 14.
exf6 Qxf4 15. fxe7 Nxe7 16. Bb5 $14 (16. a5 c4 $1 17. Bf1 bxa5 $13) 16... Qc7 (
16... Bc8 17. a5) 17. Qe2 Bc8 (17... Rf6 18. Qe5) 18. Qe5 Qd8 19. dxc5 bxc5 20.
Rad1 Rf6 21. Qe3 $14 {Timman-Ljubojevic,Amsterdam,1991}) (13... c4 14. Bf1 Ng6
15. Bc1 $1 $14) 14. Bg3 (14. Be3 cxd4 15. cxd4 Nb4) (14. Bd2 f5) 14... cxd4 (
14... c4 15. Bf1 Nce7 16. h4 (16. h3 $5 Nf5 $140 17. Bh2) 16... Nf5 17. h5 Nxg3
18. fxg3 Nh8 $1 19. g4 f6 20. Qd2 Nf7 $132) 15. Nxd4 (15. cxd4 Nb4 $15 {xBg3})
15... Na5 (15... Nxd4 $6 16. cxd4 Qd8 17. Re3 Rc8 18. Qd2 a5 19. c3 Qe7 20. Bc2
Rc4 21. f4 Rfc8 22. Rf3 $142 $36 {Zontah-R.Skomorohin,St.Petersburg,1996}) 16.
Qg4 (16. h4 $6 Qxc3 17. Ne2 Qc7 $17 {Timman-Keene,Orense,1976}) (16. Re3 Nc4
17. Bxc4 Qxc4 18. h4 (18. a5 bxa5 19. Rxa5 Rfb8 $17) 18... Bxa4 $1 19. h5 Ne7
20. Bf4 Nf5 $13 {Nunn-P.Nikolic,Amsterdam,1988}) 16... Qxc3 17. Rad1 $146 (17.
Ne2 Qc8 $2 (17... Qc7 $1 18. Bxg6 (18. Nf4 Nxe5 $17) 18... fxg6 19. Qxg6 Bc8 $1
(19... Qc8 20. Nf4 Qe8 $15) 20. Nf4 Qf7 $15 {Van der Wiel}) 18. Nf4 $40 Nc6 $6
19. Nxg6 fxg6 20. Qxg6 Ne7 21. Qh7+ Kf7 22. Be2 $1 $18 {Van der Wiel-Romero
Holmes,Wijk aan Zee,1992}) (17. h4 $2 h5 18. Qxh5 Qxd4 $19) (17. Bxg6 fxg6 18.
Nxe6 $2 Qc8 $1 (18... Rfe8 19. Qd4)) 17... Nc6 (17... h5 18. Qxh5 $1 (18. Qg5
Qxd4 19. Bxg6 Qg4 $17) 18... Qxd4 19. Bb5 (19. Bxg6 $2 fxg6 $19) 19... Qc5 20.
Bxd7 Qxc2 21. h4 $44) 18. Nb5 Qb4 (18... Ncxe5 $2 19. Bxe5 Nxe5 20. Qg3 Bxb5
$140 21. Bh7+ $18) 19. c4 (19. Qh5 Nf4) 19... dxc4 (19... Nce7 20. h4 $36) 20.
Bxg6 (20. Bxc4 Na5) 20... fxg6 21. Re4 (21. Rxd7 $4 Qxe1#) (21. Qxg6 Ne7 22.
Qg4 Nf5 $17) 21... Rad8 22. Rxc4 Qb2 $13 23. Re4 (23. Rxd7 $4 Qb1+ $19) (23.
Nd4 $2 Nxe5 $1 24. Bxe5 Qxf2+ 25. Kh1 Qf1+ $19) (23. h4 Nxe5 24. Bxe5 Qxe5 25.
Rcd4 a6) (23. Qe4 Ne7 (23... Na5 {with the idea Bc6})) 23... Kh7 (23... Ne7 24.
Red4 Nd5 25. Qxg6) 24. h4 Qc2 (24... Ne7 $5) 25. Rc4 (25. Nd4 $5 Nxd4 26. Rexd4
Qc7 $11) 25... Qf5 26. Qe2 (26. Qxf5 gxf5 27. f4 (27. Rxd7 $2 Rxd7 28. Rxc6 f4
$17) 27... Ne7 $15) 26... Na5 $1 27. Nd6 (27. Rf4 Bxb5 28. axb5 Qh5 29. Qxh5
gxh5 30. Rxd8 Rxd8 31. Rf7 Nb3 $15) (27. Rc7 Bxb5 28. axb5 Rxd1+ (28... Nb3 $15
) 29. Qxd1 Rf7 $15) (27. Rcd4 $5 Bxb5 28. Qxb5) 27... Qh5 28. Qxh5 (28. Rg4
Bxa4 $17) 28... gxh5 $15 29. Rcd4 Bc6 30. f3 Bd5 31. Rxd5 $138 (31. R4d3) 31...
exd5 32. e6 $6 (32. Rxd5 $142 $15) 32... Nc6 33. Rc1 (33. Rxd5 Rf6 $17 {
with the idea Re6}) (33. Re1 Ne7 $17) 33... Nd4 $2 (33... Ne7 34. Rc7) (33...
Rf6 $142 $1 34. Rxc6 (34. Re1 Ne7 $17) 34... Rxe6 35. Rc7 (35. Nf7 Rxc6 36.
Nxd8 Rc4 $19) (35. a5 bxa5 (35... d4 $1 36. axb6 d3 $1 37. Rc1 (37. Rc3 d2 38.
Rd3 Re1+ 39. Kh2 d1=Q 40. Rxd1 Rxd1 41. bxa7 (41. b7 Rb1 {with the idea Rd6 -+}
) 41... Ra8 42. Nb5 Rb1 $19) 37... d2 38. Rd1 Rdxd6 39. bxa7 (39. Bxd6 $2 Re1+
$19) (39. b7 Rb6 $19) 39... Ra6 40. Rxd2 Rxa7 $17) 36. Ra6 d4 37. Rxa5 Rdxd6 (
37... d3 $2 38. Rd5) 38. Bxd6 Rxd6 39. Rxa7 $15) 35... Rexd6 36. Bxd6 Rxd6 37.
Rxa7 d4 38. Kf1 d3 39. Ke1 Re6+ 40. Kd2 Re2+ 41. Kxd3 Rxg2 42. a5 bxa5 43. Rxa5
$15) 34. Re1 (34. e7 $2 Ne2+ 35. Kf2 Nxc1 $19) 34... Nf5 (34... Rxd6 35. Bxd6
Re8 36. e7 Nf5 37. Bb4 $11) 35. e7 Nxg3 36. Kf2 $1 (36. exf8=Q Rxf8 37. Kf2 (
37. Re7 d4 $15) 37... Nf5 $17) 36... Rfe8 37. Nxe8 Nh1+ (37... Rxe8 38. Kxg3
Kg6 39. Rd1 $11) 38. Rxh1 Rxe8 39. Rd1 Rxe7 40. Rxd5 g6 (40... Kg6 41. a5 {xh5}
) 41. a5 Kg7 42. a6 (42. axb6 axb6 43. Rd6 (43. Rb5 Re6) 43... Rb7) 42... Kf6
43. Rd8 b5 44. Rb8 Re6 45. Rxb5 Rxa6 46. Rb7 $11 Ke5 47. Kg3 Kd4 48. Rd7+ (48.
Kf4 $2 Rf6+ 49. Kg3 a6) 48... Kc5 49. Rg7 Kd5 (49... Kb5 50. Kf4 $132) 50. Rh7
Kd4 51. Rd7+ (51. Rxh6 Rf6 52. Rh7 a6 $13) 51... Ke5 52. Re7+ Kf6 53. Rh7 Ra4
54. Rc7 (54. Rxh6 $4 Kg7 $19) 54... Ra6 55. Rh7 Ra1 56. Rc7 a5 57. Rc6+ Kf5 58.
Rc5+ 1/2-1/2

[Event "Belgrade Investbank"]
[Site "Belgrade"]
[Date "1991.??.??"]
[Round "?"]
[White "Nunn, John DM"]
[Black "Jussupow, Artur"]
[Result "1-0"]
[WhiteElo "2610"]
[BlackElo "2625"]
[Annotator "Jussupow,A"]
[PlyCount "77"]
[EventDate "1991.11.??"]
[EventType "tourn"]
[EventRounds "11"]
[EventCountry "YUG"]
[EventCategory "15"]
[SourceTitle "CBM 027"]
[Source "ChessBase"]
[SourceDate "1992.04.01"]
[SourceVersion "1"]
[SourceVersionDate "1992.04.01"]
[SourceQuality "1"]

1. e4 {Ernst Knaak} e6 2. d4 d5 3. Nc3 Bb4 4. e5 c5 5. a3 Bxc3+ 6. bxc3 Ne7 7.
Nf3 Nbc6 8. a4 Qa5 9. Bd2 Bd7 10. Bb5 Qc7 11. O-O O-O (11... Na5 {Ernst} 12.
Bd3 c4 13. Be2 O-O-O 14. Bc1 Kb8 15. Qd2 $1 h6 16. Qf4 Be8 17. Qg4 Rg8 18. Nh4
Ka8 19. f4 $16 {Nunn - Farago, Dortmund 1987.}) 12. Bc1 (12. Re1 {Knaak} b6 13.
Bd3 h6 14. Qc1 c4 15. Bf1 f6 16. g3 Ng6 (16... fxe5 17. Nxe5 Nxe5 18. Rxe5 Nc6
19. Re3 e5 $13) 17. Bg2 f5 18. Bxh6 $6 (18. Qd1 {/\ Bc1-a3 Nogueiras}) (18. h4
{+/- Rogers}) 18... gxh6 19. Qxh6 Be8 20. Ng5 {Rogers-Nogueiras/Szirak/1986/
i42/376} Nd8 21. Nxe6 Nxe6 22. Bxd5 Qc8 $17 {Nogueiras}) 12... b6 13. Ba3 (13.
dxc5 bxc5 14. Ba3 Na5 $44) 13... Na5 14. dxc5 (14. Bxd7 {Knaak} Qxd7 15. dxc5
Rfc8 16. cxb6 axb6 $44) 14... Bxb5 (14... bxc5 {Knaak} 15. Bxd7 (15. Bxc5 $2
Qxc5 16. Bxd7 a6 $17) 15... Qxd7 16. Bxc5 $14) 15. cxb6 (15. axb5 $6 {Knaak}
bxc5 16. Bxc5 Qxc5 17. Rxa5 Nc6 $1 $17) 15... axb6 16. axb5 Rfc8 $44 17. Bb4 (
17. Bd6 Qd7 18. Qd4 $2 (18. Nd4 Rxc3 19. Bb4 Rc4 $10) 18... Nf5 19. Qxb6 Nc4
$19) (17. Qd4 Nf5 18. Qf4 Qxc3) 17... Nc4 18. Rxa8 (18. Qd4 Ng6 19. Rae1 $13)
18... Rxa8 19. Re1 Ng6 $15 20. Bd6 $1 (20. Qd4 Ngxe5 21. Nxe5 Qxe5 22. Qxe5
Nxe5 23. f4 Nc4 24. g4 $15) (20. Qe2 {Knaak} Qd7 $17) 20... Nxd6 21. exd6 Qxd6
(21... Qxc3 22. Qd4 Qxd4 23. Nxd4 Rd8 (23... Kf8 24. f4 Nxf4 25. Rf1 e5 26. Nc6
$13) 24. Ra1 $13) 22. c4 Qc5 $1 23. cxd5 Rd8 24. Qe2 Rxd5 (24... Qxd5 $15) (
24... Nf4 25. Qe5 Nxd5 26. Nd4 $10) 25. c4 Rd8 26. Qe4 h6 27. h3 Qd6 28. Qe3
Rc8 29. Rc1 Nf4 $6 (29... Rc5 $142 $15) 30. Ne5 $1 Rc5 31. Re1 $1 Nh5 $6 (31...
f6 $10) 32. Qe4 $14 f5 33. Qa8+ Kh7 34. Nf7 $6 (34. Qh8+ $1 Kxh8 35. Nf7+ Kg8
36. Nxd6 Nf4 (36... e5 $10 {Knaak}) 37. Ra1 Kf8 38. Ra7 Ng6 39. Rb7 Re5 $16)
34... Qd7 $1 (34... Qc7 {Knaak} 35. Qh8+ Kg6 36. Rxe6+ $1 Nf6 $8 37. Nd6 Qd7
38. Ne8 $1 {/\ 39.Rxf6+ gxf6 40.Qg8+ Kh5 41.Nxf6+ +-} Qxe6 39. Qxg7+ Kh5 40.
Nxf6+ Kh4 41. Qxh6#) 35. Ne5 (35. Qh8+ $6 Kg6 36. Ne5+ (36. Qg8 {Knaak} Qxf7
37. Rxe6+ Nf6 $19) (36. Nd8 Rc8 $19) 36... Rxe5 37. Rxe5 Qd1+ 38. Kh2 Qd6 39.
f4 (39. Qe8+ Kf6 40. Qxh5 Qxe5+ 41. g3 Qe4 $17 (41... Qd4 $19)) 39... Nxf4 40.
Re3 $44 (40. Re1 Nd3+ $19)) 35... Qc7 $15 36. Qa1 Nf6 (36... Qd6 37. Nf7 $10)
37. Qd4 Ne4 38. Nc6 (38. Rxe4 $5 fxe4 39. Qxe4+ Kg8 40. f4 $146) (38. f4 {Knaak
} Nd6 $17) 38... Qd6 $4 (38... Qf4 $1 39. f3 (39. Rf1 {Knaak} e5 (39... Qd6 40.
Rd1 $1) 40. Qd8 Nf6 $1 41. Qxb6 Qxc4 42. Na7 Nd5 43. Qe6 $6 Qe4 $1 $19 {/\ Nf4}
(43... Qxf1+ 44. Kxf1 Rc1+ 45. Ke2 Nf4+ 46. Kd2 Nxe6 47. Kxc1)) (39. Nd8 $2
Rxc4 $1 40. Nxe6 Rxd4 41. Nxf4 Rb4 $17) 39... Qg3 (39... Qd2 $2 40. Rxe4 $1
Qc1+ 41. Kh2 fxe4 42. Qxe4+ Kh8 43. Ne7 $18) 40. Rd1 Ng5 41. Kh1 $10) 39. Rxe4
$18 1-0

[Event "Bundesliga 9697"]
[Site "Germany"]
[Date "1997.??.??"]
[Round "?.3"]
[White "Mueller, Karsten"]
[Black "Knaak, Rainer"]
[Result "0-1"]
[WhiteElo "2500"]
[BlackElo "2540"]
[Annotator "Knaak,R"]
[PlyCount "104"]
[EventDate "1996.10.12"]
[EventType "team-tourn"]
[EventRounds "15"]
[EventCountry "GER"]
[SourceTitle "GER-chT"]
[Source "ChessBase"]
[SourceDate "1999.07.01"]
[SourceVersion "1"]
[SourceVersionDate "1999.07.01"]
[SourceQuality "1"]
[WhiteTeam "Hamburger SK"]
[BlackTeam "Werder Bremen"]
[WhiteTeamCountry "GER"]
[BlackTeamCountry "GER"]

1. e4 e6 2. d4 d5 3. Nc3 Bb4 4. e5 c5 5. a3 Bxc3+ 6. bxc3 Ne7 7. Nf3 Qc7 8. a4
(8. Bf4 h6 9. h4 b6 10. Bb5+ Bd7 11. Bd3 Ba4 12. Qd2 Nd7 13. h5 a6 14. O-O Bb5
$11 {Lanka,S-Knaak,R/BL9697}) 8... h6 {So wurde bisher wenig gespielt; Schwarz
möchte eigentlich b6 und La6 spielen, auf 8...b6 würde aber 9.Lb5+ folgen.
Also wartet man bis der Lf1 gezogen hat.} 9. Be2 $6 {Weiß sollte die
Abwartestrategie kopieren und beispielsweise 9.h4 spielen. Übrigens gibt es
für diese Stellung schon keine Vorgänger mehr.} b6 10. a5 {Das sieht
bedrohlich aus, aber letztlich hat Schwarz auf diesem Flügel die besseren
Karten.} Ba6 11. O-O O-O 12. Bxa6 Nxa6 13. Qe2 Qb7 $15 14. Ba3 {Es ist hier
schwierig, einzelne weiße Züge zu kritisieren. Weiß verfolgt mit den
Aktivitäten am Damenflügel einen unrealistischen Plan.} Rfb8 $1 15. Rfb1 Qc8
16. Rb5 $6 Nc6 $1 17. dxc5 bxc5 18. c4 (18. Rab1 $6 Nxa5 $1) (18. Bxc5 $2 Rxb5
19. Qxb5 Rb8 20. Bb6 Qb7) 18... dxc4 19. Qxc4 Rxb5 20. Qxb5 Rb8 21. Qe2 {
>< Nf3, Pe5, a5} Qb7 {Alle Endspiele sind deutlich besser für Schwarz.} 22. Bc1
Qb5 23. Qe4 c4 $1 (23... Nxa5 {Ist auch nicht schlecht; die folgende Variante
war mir nicht ganz geheuer:} 24. g4 $1 (24. Nd2 {wollte er spielen.}) 24... Qc4
25. Qxc4 Nxc4 26. Rxa6 (26. Bxh6 $1 {sagt Fritz.} Nb4 27. Bf4 a5 28. Ra4 Rb5
$15) 26... Rb1 27. Rxa7 Rxc1+ 28. Kg2 Rxc2 {aber das sollte man doch einfach
gewinnen.}) 24. Bf4 {Auch in der nun folgenden Phase fällt es mir schwer,
weiße Verbesserungsvorschläge zu unterbreiten.} Nc5 25. Qe3 Ne7 26. Qa3 $5 Nd5
27. Bd2 (27. Nd4 {hatte ich erst befürchtet, aber} Qb4 $1) 27... Ne4 $1 28. Be3
a6 29. h3 c3 $19 30. Bd4 Qe2 31. Qa4 Nd2 32. Ne1 Rb4 33. Qe8+ Kh7 34. Bc5 Qf1+
35. Kh2 Rc4 36. Qf8 Rf4 (36... Nf4 $1 {wird von Fritz vorgeschlagen.} 37. f3 (
37. Z0 Nf3+ 38. Kg3 (38. gxf3 Qxh3+ 39. Kg1 Ne2#) 38... Nh5+ 39. Kxf3 Rf4+ 40.
Ke3 Qxf2+ 41. Kd3 Qd2#) 37... Nxg2 38. Nxg2 Qxa1 $19) 37. Rc1 {[#]} Rxf2 $1 {
Aber das ist auch nicht schlecht. Ich habe übrigens bis zum 43. Zug
vorausgerechnet und die dann entstehende Stellung als glatt gewonnen
eingeschätzt.} 38. Bxf2 Qxf2 39. Nd3 Nf3+ $1 40. Kh1 Qg3 41. gxf3 Ne3 42. Nf4 (
42. Ne1 Nf1) 42... Qxf3+ 43. Kg1 Qxf4 44. Qa8 Qg3+ (44... Ng4 $1 45. hxg4 Qxc1+
46. Kg2 Qxc2+ $19) 45. Kh1 Qxh3+ 46. Kg1 Qg3+ 47. Kh1 Qh4+ 48. Kg1 Qg5+ 49. Kh1
Ng4 50. Qe4+ g6 51. Qe1 Qd2 52. Kg1 Ne3 0-1

[Event "Munich SKA"]
[Site "Munich"]
[Date "1991.05.11"]
[Round "7"]
[White "Nunn, John DM"]
[Black "Kindermann, Stefan"]
[Result "1-0"]
[WhiteElo "2600"]
[BlackElo "2515"]
[Annotator "Knaak,R"]
[PlyCount "55"]
[EventDate "1991.05.04"]
[EventType "tourn"]
[EventRounds "13"]
[EventCountry "GER"]
[EventCategory "14"]
[SourceTitle "CBM 023"]
[Source "ChessBase"]
[SourceDate "1991.08.01"]
[SourceVersion "1"]
[SourceVersionDate "1991.08.01"]
[SourceQuality "1"]

1. e4 e6 2. d4 d5 3. Nc3 Bb4 4. e5 c5 5. a3 Bxc3+ 6. bxc3 Ne7 7. Nf3 Bd7 8. a4
Qa5 9. Bd2 Nbc6 10. Bb5 O-O-O 11. O-O c4 12. Bc1 h6 13. Ba3 $1 (13. Qd2 f5 14.
Ba3 g5 15. Bxc6 Nxc6 16. Bb4 Nxb4 17. cxb4 Qc7 18. h4 $13 {Tischbierek-Bus/
Kopenhagen op/1990}) 13... f5 (13... Qxc3 14. a5 $1 {>< Qc3}) 14. exf6 $1 gxf6
15. Re1 $16 Rde8 16. Nh4 Qxc3 17. Bxe7 Nxe7 18. Bxd7+ Kxd7 19. Rb1 b6 20. Re3
Qa5 21. Qg4 Nc6 22. Qg7+ Kc8 23. Ng6 Rhg8 24. Qxf6 Qd2 25. Rxe6 Nxd4 26. Ne7+
Kb7 27. Rexb6+ Ka8 28. Rb7 1-0

[Event "Hoogovens"]
[Site "Wijk aan Zee"]
[Date "1992.01.??"]
[Round "6"]
[White "Van der Wiel, John"]
[Black "Romero Holmes, Alfonso"]
[Result "1-0"]
[WhiteElo "2540"]
[BlackElo "2490"]
[Annotator "Knaak,R"]
[PlyCount "53"]
[EventDate "1992.01.??"]
[EventType "tourn"]
[EventRounds "13"]
[EventCountry "NED"]
[EventCategory "14"]
[SourceTitle "CBM 028"]
[Source "ChessBase"]
[SourceDate "1992.06.01"]
[SourceVersion "1"]
[SourceVersionDate "1992.06.01"]
[SourceQuality "1"]

1. e4 e6 2. d4 d5 3. Nc3 Bb4 4. e5 c5 5. a3 Bxc3+ 6. bxc3 Qc7 7. Nf3 Ne7 8. a4
b6 9. Bb5+ Bd7 10. Bd3 Nbc6 11. O-O h6 12. Re1 O-O 13. Bf4 (13. Ba3 {Nr. 882})
13... Ng6 (13... f5 14. exf6 Qxf4 15. fxe7 Nxe7 16. Bb5 $1 $14 {
Timman-Ljubojevic/Amsterdam/1991/CBM23-VC}) 14. Bg3 cxd4 15. Nxd4 Na5 16. Qg4
$5 {N} (16. Re3 $14 {Timman}) 16... Qxc3 17. Ne2 $1 Qc8 $2 (17... Qc7 $1 18. f4
$13 (18. Nf4 $2 Nxe5 $17)) 18. Nf4 $1 Nc6 (18... Nxf4 19. Bxf4 Kh8 (19... f5
20. exf6 Rxf6 21. Be5 Rf7 22. Qg6 $18) 20. Bxh6 $1 gxh6 21. Qf4 f5 22. Qxh6+
Kg8 23. Qg6+ Kh8 24. Re3 $18) 19. Nxg6 fxg6 20. Qxg6 $18 Ne7 21. Qh7+ Kf7 22.
Be2 Rg8 (22... Nf5 23. Bh5+ Ke7 24. Bh4+ $1 Nxh4 25. Qxg7+ Kd8 26. Qxf8+ $18)
23. Bh5+ Kf8 24. Ra3 Nf5 25. Rf3 Bxa4 (25... Ke7 26. Bh4+ $1 Nxh4 27. Rf7+ Kd8
28. Qxg8+ Kc7 29. Qxg7 $18) 26. Rxf5+ $1 exf5 27. Qg6 (27. Qg6 Qd7 28. e6 Qe7
29. Qxf5+ Qf6 30. Bd6#) 1-0

[Event "WDR Match TV g/60"]
[Site "Cologne"]
[Date "1992.??.??"]
[Round "?"]
[White "Wahls, Matthias"]
[Black "Hertneck, Gerald"]
[Result "1-0"]
[WhiteElo "2540"]
[BlackElo "2580"]
[Annotator "Knaak,R"]
[PlyCount "69"]
[EventDate "1992.08.??"]
[EventType "game"]
[EventRounds "1"]
[EventCountry "GER"]
[SourceTitle "CBM 031"]
[Source "ChessBase"]
[SourceDate "1992.12.01"]
[SourceVersion "1"]
[SourceVersionDate "1992.12.01"]
[SourceQuality "1"]

{Ich hatte die Partie bereits kommentiert, als SCHACH 10/92 mit den
Kommentaren von Wahls erschien. Einige Ergänzungen waren dann natürlich
unvermeidlich.} 1. e4 e6 2. d4 d5 3. Nc3 Bb4 4. e5 Ne7 5. a3 Bxc3+ 6. bxc3 c5
7. Nf3 b6 8. Bb5+ Bd7 9. Bd3 h6 10. h4 Nbc6 {Logisch wäre 10...La4. Die
Bewertung des Textzuges und der Antwort von Weiß ist sehr schwierig. Siehe
Kommentar zu 13.Te1.} 11. O-O $5 {Von den Kommentatoren wurde Verwunderung
geäußert, da Weiß ja schon h4 gezogen hat. Es soll der folgende Zug provoziert
werden.} (11. Rh3) (11. h5) 11... c4 $5 {Schwarz hat nicht viel Auswahl. Für
ein Spiel auf der c-Linie wäre Ba4, Nd7 und Qc7 der bessere Plan gewesen.} 12.
Be2 O-O $1 {In Verbindung mit dem folgenden Zug die richtige Strategie.} (12...
Qc7 13. a4 O-O-O {+/=/+/-}) 13. Re1 $6 (13. Nh2 $1 {(! Wahls) In der Tat ist
das der kritische Zug. Er stellt sich gegen das zu erwartende f7-f6, und
deshalb sollte man dieses nun unterlassen. Dennoch hat Weiß hier vielleicht
Vorteil und 11.0-0 wäre gerechtfertigt.} b5 $5 (13... Nf5 $6 14. g3 f6 15. exf6
Rxf6 $1 (15... Qxf6 16. Ng4 Qf7 $14 (16... Qg6 17. h5 $1 {/\ Bf4+/- (Wahls)}))
16. Ng4 Rf7 17. Bf4 $2 (17. a4 $1 $14) 17... Nxh4 18. Bxh6 e5 19. Nxe5 (19.
gxh4 gxh6 20. Nxh6+ Kh7 21. Nxf7 Qxh4) 19... gxh6 20. Nxf7 Kxf7 21. gxh4 Qxh4
$40) (13... Kh8 $6 14. Ng4 Ng8 15. g3 f6 16. exf6 Nxf6 17. Nxf6 Qxf6 {/\ e5}
18. f4 $14) (13... f6 $6 14. exf6 Rxf6 15. Ng4 Rf8 16. g3 Nf5 17. Bf4 $16 {
/\ Qd2, Rfe1, Bf1 (Wahls)} (17. Bf4 Nxh4 18. Bd6 Nf5 19. Bxf8 Qxf8 {Ist es
fraglich, ob Weiß Vorteil hat.}) (17. a4 $16)) 14. Ng4 Nf5 15. g3 a5 $13) 13...
f6 $1 (13... f5 $6 14. h5 $16) 14. Bf1 {(?! Wahls)} (14. exf6 $2 Rxf6 15. Bf1 {
'mit m. E. immer noch besseren Perspektiven für Weiß.' (Wahls) Doch ...} Qf8
$17 {(>< Nf3, Pf2)} 16. Qe2 Ng6 17. h5 Nf4 18. Bxf4 Rxf4 19. Ne5 Nxe5 20. dxe5
Qf5 $17) 14... fxe5 (14... Be8 $6 15. exf6 Rxf6 16. Ne5 Nxe5 (16... Bg6 17.
Nxg6 Nxg6 18. h5 $16) 17. dxe5 Rf5 18. g4 $16) 15. Nxe5 (15. dxe5 $2 Rf5 $1 {
/\ Ng6 (Wahls)}) 15... Nxe5 16. dxe5 Qe8 $5 {(? Wahls)} (16... Be8 $6 17. h5
Bf7 18. g4 Kh8 19. f4 Bg8 20. Bg2 $16) (16... Ba4 17. h5 Nf5 18. g4 Nh4 19. Re3
(19. f4 $2 d4 $1 20. cxd4 (20. Bxc4 Qe8 $1 {/\ Qc6 (Wahls)}) 20... Qxd4+ 21.
Qxd4 Nf3+) 19... Qe7 $1 20. Rh3 Rf7 21. f4 Raf8 $132 {(Wahls)}) 17. Re3 $6 {
Eine seltsame Idee. Wird auch von Wahls kritisiert.} (17. Be3 $2 Ng6) (17. h5 {
(Wahls)} Ba4 $1 (17... Qf7 18. f4 Ba4 19. Be3 Qf5 20. Rc1 {/\ g4 oder g3, Kh2,
Bh3 (Wahls)}) 18. f4 (18. Be3 $2 Rf5 $1) 18... Rd8 19. g3 (19. Be3 $2 Nf5 $17)
(19. g4 $6 d4 20. cxd4 Nd5 $17) 19... Nf5 (19... g6 $5) 20. g4 Nh4 21. Qe2 d4
22. Qf2 Qe7 {@}) (17. g3 Ba4 18. Bh3 Qg6 19. Re2 Rad8 $13) 17... Rd8 $1 $15 (
17... Ba4 $5 18. h5 $1 (18. Rg3 Nf5 19. Rh3 Rd8 20. g4 Ne7 21. Qe2 Ng6 $17)
18... Nf5 $6 (18... Rd8) 19. Rh3 $14) 18. Rh3 $2 $17 (18. a4 Bxa4 19. Ba3 Rf7
$17) (18. h5 Ba4 $1 $36 (18... Nf5 19. Rh3 Qf7 20. Qe2 d4 21. g4 d3 $13)) 18...
Qg6 (18... Ng6 $1 {Dieser logische Zug entging allen Kommentatoren.} 19. Qe1 (
19. Rg3 Nxh4 20. Bxh6 Nf5 21. Qg4 Qf7 22. Rh3 Nxh6 23. Rxh6 Qxf2+ $19) (19. Qd4
Rf5 20. f4 Qf8 21. g4 (21. g3 Nxe5 $17) 21... Rf7 22. f5 (22. Rf3 Nxh4 $17)
22... exf5 23. Qxd5 Bc8 $19) 19... Rf5 20. f4 Nxf4 $19) 19. a4 (19. h5 Qf5 20.
Qe2 Ba4 21. Ra2 Nc6 22. f4 b5 23. g4 Qe4 24. Be3 Rxf4 $1 25. Bxf4 Qxf4 26. Re3
d4 27. Re4 Qg3+ $44 {(Wahls)}) 19... Bc6 $6 $10 (19... Qf5 20. f4 (20. Qe2 Ng6
$17 21. Ba3 Nf4) 20... Ng6 21. g3 (21. g4 Qf7 22. h5 Nxf4 23. Rf3 Nh3+ $1 $19)
21... Nxe5 $1 (21... d4 22. cxd4 (22. Qxd4 Bc6 23. Qxc4 Nxe5 24. Qe2 Nf3+ 25.
Kf2 g5 26. Bg2 $17) (22. Ba3 $1) 22... Bc6 23. Rh2 Nxe5 24. fxe5 Rxd4 25. Qe1
$13) 22. Ba3 Ng4 $1 23. Bxf8 Rxf8 $44 {(Wahls) Hier sind wir uns mal einig.}
24. Qd2 e5 $1 25. Qxd5+ Be6 26. Qc6 exf4 27. Bxc4 Bxc4 28. Qxc4+ Rf7 29. Qxf4
Qc8 30. Qb4 Qe6 31. Qd4 Ne5 32. g4 Nf3+ 33. Rxf3 Rxf3 34. g5 Qe2 35. Qd5+ Kh7
36. g6+ Kxg6 37. h5+ Kh7 $19) 20. Qe2 h5 $4 (20... d4 $1 21. Ba3 (21. Qxc4 Qxc2
$132) 21... Qf7 $1 {>< Pf2} (21... Rf7 22. Bxe7 Rxe7 23. Qxc4 Bd5 24. Qxd4 Bxg2
25. Qxd8+ Re8 26. Rg3 $18 {(Wahls)}) 22. Bxe7 Qxe7 23. Qxc4 Bd5 $1 24. Qd3 (24.
Qxd4 $2 Bxg2 $19) (24. Qe2 $6 dxc3 $15) 24... dxc3 25. Qxc3 Rf4 $44) 21. Ba3
$16 Rd7 (21... Rf7 22. Rg3 Qh6 23. Rg5 $1 $18) 22. Rg3 Qh7 23. Qd2 {(? Wahls)}
(23. a5 $1 bxa5 24. Bc5 a4 25. Rb1 {mit Dominanz (Wahls)}) 23... Rf7 $6 (23...
Rf5 {Soll das Gleichgewicht wahren (Wahls), doch ich habe meine Zweifel.} 24.
a5 (24. Rg5 $1) 24... Nc8 25. axb6 axb6 $10 {(Wahls)}) 24. Rg5 $18 g6 25. Be2
Rf5 26. g4 (26. Bxe7 Rxe7 27. Bxh5 $18 {(Wahls)}) 26... hxg4 27. Bxg4 Kf7 28.
Bxe7 Kxe7 29. Bxf5 gxf5 30. Qd4 Kd8 31. a5 Kc7 32. axb6+ axb6 33. Rb1 Kc8 34.
Qxb6 Bb7 35. Qxe6 1-0